=LDR 00000nam 2200000 4500 =001 INLIS000000001053461 =005 20250307091427 =035 ##$$a 0010-0225000156 =007 ta =008 250307################g##########0#ind## =020 ##$$a 978-602-0263-55-7 =082 ##$$a 355.033 059 8 =084 ##$$a 355.033 059 8 HER t =245 ##$$a 328 para battalion : $b the untold stroies of Indonesian legendary paratroopers =250 ##$$a Cetakan pertama =260 ##$$a Jakarta :$b PT Elex Media Komputindo =300 ##$$a xiv, 215 halaman : $b ilustrasi ; $c 15 x 23 cm =650 #4$$a Pasukan Payung - Sejarah- Indonesia =990 ##$$a 3202500223